INDIA 2020 (Record no. 5529)
[ view plain ]
| 000 -LEADER | |
|---|---|
| fixed length control field | 00342nam a22001457a 4500 |
| 020 ## - INTERNATIONAL STANDARD BOOK NUMBER | |
| ISBN | 0-14-027833-8 |
| 082 ## - DEWEY DECIMAL CLASSIFICATION NUMBER | |
| Classification number | 303 |
| Item number | APJ/I |
| 100 ## - MAIN ENTRY--AUTHOR NAME | |
| Personal name | ABDUL KALAM,A.P.J |
| 100 ## - MAIN ENTRY--AUTHOR NAME | |
| Personal name | RAJAN,Y.S |
| 245 ## - TITLE STATEMENT | |
| Title | INDIA 2020 |
| Remainder of title | A VISION FOR THE NEW MILLENIUM |
| 260 ## - PUBLICATION, DISTRIBUTION, ETC. (IMPRINT) | |
| Place of publication | LONDON |
| Name of publisher | PENGUIN BOOKS |
| 300 ## - PHYSICAL DESCRIPTION | |
| Number of Pages | 324 |
| 650 ## - SUBJECT ADDED ENTRY--TOPICAL TERM | |
| Topical Term | VISIONS |
| Geographic subdivision | NEW DELHI |
| 942 ## - ADDED ENTRY ELEMENTS (KOHA) | |
| Koha item type | Books |
| Withdrawn status | Lost status | Collection code | Home library | Current library | Shelving location | Date acquired | Source of acquisition | Full call number | Accession Number | Koha item type |
|---|---|---|---|---|---|---|---|---|---|---|
| Non-fiction | Main Library | Main Library | SHELF-17-I-BIOGRAPHIES & AUTOBIOGRAPHIES | 01/05/2009 | PURCHASE | 303 APJ/I | 03653 | Books |